Peacebuilding and Rule of Law in Africa : (Record no. 16454)
[ view plain ]
| 000 -LEADER | |
|---|---|
| fixed length control field | 01247cam a2200301 a 4500 |
| 001 - CONTROL NUMBER | |
| control field | 16035134 |
| 005 - DATE AND TIME OF LATEST TRANSACTION | |
| control field | 20110401074900.0 |
| 008 - FIXED-LENGTH DATA ELEMENTS--GENERAL INFORMATION | |
| fixed length control field | 091228s2010 enk b 001 0 eng |
| 020 ## - INTERNATIONAL STANDARD BOOK NUMBER | |
| International Standard Book Number | 9780415577366 (alk. paper) |
| 020 ## - INTERNATIONAL STANDARD BOOK NUMBER | |
| International Standard Book Number | 9780203848494 (alk. paper) |
| 040 ## - CATALOGING SOURCE | |
| Original cataloging agency | DLC |
| Transcribing agency | DLC |
| 082 00 - DEWEY DECIMAL CLASSIFICATION NUMBER | |
| Classification number | 327.172096 |
| Edition number | 22 |
| Item number | PEA |
| 245 00 - TITLE STATEMENT | |
| Title | Peacebuilding and Rule of Law in Africa : |
| Remainder of title | Just Peace? / |
| Statement of responsibility, etc | edited by Chandra Lekha Sriram, Olga Martin-Ortega and Johanna Herman. |
| 260 ## - PUBLICATION, DISTRIBUTION, ETC. (IMPRINT) | |
| Place of publication, distribution, etc | Abingdon, Oxon, England ; |
| -- | New York : |
| Name of publisher, distributor, etc | Routledge, |
| Date of publication, distribution, etc | c2010. |
| 300 ## - PHYSICAL DESCRIPTION | |
| Extent | xii, 262 p. ; |
| Dimensions | 24 cm. |
| 504 ## - BIBLIOGRAPHY, ETC. NOTE | |
| Bibliography, etc | Includes bibliographical references and index. |
| 650 #0 - SUBJECT ADDED ENTRY--TOPICAL TERM | |
| Topical term or geographic name as entry element | Peace-building |
| Geographic subdivision | Africa. |
| 9 (RLIN) | 28860 |
| 650 #0 - SUBJECT ADDED ENTRY--TOPICAL TERM | |
| Topical term or geographic name as entry element | Peacekeeping forces |
| Geographic subdivision | Africa. |
| 9 (RLIN) | 28861 |
| 650 #0 - SUBJECT ADDED ENTRY--TOPICAL TERM | |
| Topical term or geographic name as entry element | Rule of law |
| Geographic subdivision | Africa. |
| 9 (RLIN) | 28862 |
| 650 #0 - SUBJECT ADDED ENTRY--TOPICAL TERM | |
| Topical term or geographic name as entry element | War |
| General subdivision | Termination. |
| 9 (RLIN) | 28863 |
| 653 ## - INDEX TERM--UNCONTROLLED | |
| Resource For college | |
| Arrived date list | February2012 |
| 700 1# - ADDED ENTRY--PERSONAL NAME | |
| Personal name | Sriram, Chandra Lekha, |
| Dates associated with a name | 1971- |
| 9 (RLIN) | 28864 |
| 700 1# - ADDED ENTRY--PERSONAL NAME | |
| Personal name | Martin-Ortega, Olga. |
| 9 (RLIN) | 28865 |
| 700 1# - ADDED ENTRY--PERSONAL NAME | |
| Personal name | Herman, Johanna. |
| 9 (RLIN) | 28866 |
| 942 ## - ADDED ENTRY ELEMENTS (KOHA) | |
| Source of classification or shelving scheme | Dewey Decimal Classification |
| Item type | Book - Borrowing |
| Withdrawn status | Item status | Source of classification or shelving scheme | Damaged status | Not for loan | Vendor | Home library | Current library | Shelving location | Date acquired | Source of acquisition | Cost, normal purchase price | Serial Enumeration / chronology | Total Checkouts | Total Renewals | Full call number | Barcode | Date last seen | Date last borrowed | Koha item type |
|---|---|---|---|---|---|---|---|---|---|---|---|---|---|---|---|---|---|---|---|
| Dewey Decimal Classification | Central Library | Central Library | First floor | 13/02/2012 | 795.00 | 13168 | 3 | 24 | 327.172096 PEA | 000026105 | 15/07/2025 | 15/10/2017 | Book - Borrowing |